| 000 | 00444nam a22001577a 4500 | ||
|---|---|---|---|
| 005 | 20251108165030.0 | ||
| 008 | 250721s1993 xx 000 0 ara d | ||
| 082 | 1 | 4 | _a361.8/طلع |
| 100 | 1 | _aلطفي، طلعت إبراهيم | |
| 245 | 1 | 0 | _aعلم إجتماع التنظيم / |
| 264 | 1 |
_aالقاهرة : _bمكتبة غريب، _c1993. |
|
| 300 | _a216ص | ||
| 650 | 1 | 7 | _aتنظيم المجتمع |
| 942 |
_2ddc _cBK |
||
| 999 |
_c20418 _d20418 |
||